Normal view MARC view

Entry Topical Term

Number of records used in: 1

001 - CONTROL NUMBER

  • control field: 65313

003 - CONTROL NUMBER IDENTIFIER

  • control field: dpl

005 - DATE AND TIME OF LATEST TRANSACTION

  • control field: 20240501115254.0

008 - FIXED-LENGTH DATA ELEMENTS

  • fixed length control field: 240501|| aca||aabn | a|a d

040 ## - CATALOGING SOURCE

  • Original cataloging agency: dpl
  • Transcribing agency: dpl

150 ## - HEADING--TOPICAL TERM

  • Topical term or geographic name as entry element: हिन्दी

670 ## - SOURCE DATA FOUND

  • Source citation: Work cat.: (dpl)202457: पाठक स्नेहलता 65312, लाल रिबन वाली लड़की, 2021

© Delhi Public Library
Hit Counter
free hit counter